000 00367nam a2200145Ia 4500
008 150201s2012 xx 000 0 und d
082 _a617.695
_bP2012V
100 _aPRAKASH ,VIJAY
245 _aPROSTHODONTICS : EXAM PREP . MANUAL FOR UG.
250 _a1ST
260 _bELSEVIER
_aDELHI
_c2012
300 _a1-598
650 _aPROSTHODONTICS
942 _2ddc
_cBK
_09
999 _c4782
_d4782